| 000 | 00594nam a22001817a 4500 | ||
|---|---|---|---|
| 005 | 20251108165548.0 | ||
| 008 | 250721s1988 xx 000 0 ara d | ||
| 082 | 1 | 4 | _aم/332.1106/بنك |
| 245 | 1 | 0 | _aالنشرة الإحصائية الشهرية / |
| 264 | 1 |
_aعمان : _bالبنك المركزي - دائرة الأبحاث و الدراسات، _c1988. |
|
| 300 | _aمج24 ، عدد 4 | ||
| 650 | 1 | 7 | _aالبنوك |
| 650 | 1 | 7 | _aالمؤسسات المالية |
| 650 | 1 | 7 | _aالأردن |
| 710 | 2 | _aالبنك المركزي الأردني | |
| 942 |
_2ddc _cREF |
||
| 999 |
_c30817 _d30817 |
||